| 000 | 00451nam a2200169Ia 4500 | ||
|---|---|---|---|
| 003 | GCL | ||
| 008 | 140319s9999 xx 000 0 eng d | ||
| 040 |
_aGCL / _cGCL |
||
| 082 | 0 | 4 |
_a004.22 _bS P |
| 100 | 1 | _aSHANIEY, TOM | |
| 245 | 1 | 0 |
_aPOWER PC SYSTEM ARCHITECTUR / _cSHANIEY, TOM |
| 260 |
_a[S.N] : _bADDISON - WESLEY PUBLISHING COMPANY ، _c1995 |
||
| 300 | _a608 | ||
| 650 | 0 | 4 | _aCOMPUTER ARCHITECTURE |
| 650 | 0 | 4 | _aPC SYSTEMS |
| 942 |
_2ddc _cBK |
||
| 999 |
_c25550 _d25550 |
||